| 000 | 00342 a2200133 4500 | ||
|---|---|---|---|
| 999 |
_c12160 _d12160 |
||
| 005 | 20231223125915.0 | ||
| 008 | 231223b ||||| |||| 00| 0 eng d | ||
| 020 | _a9788862423489 | ||
| 082 | _a720 | ||
| 100 | _aGIOVANNI CORBELLINI | ||
| 245 | _aViceversa: Black Conversations | ||
| 260 |
_bLetteraVentidue Edizioni srl _c2019 |
||
| 942 | _2ddc | ||